Špeciálne techniky prenosu dát v počítačových sieťach

Enregistré dans:
Détails bibliographiques
Auteur principal: Belica, Andrej (Auteur)
Autres auteurs: Halenár, Igor (Directeur de thèse)
Format: Manuscrit Livre
Langue:slovaque
Publié: 2023
Sujets:
Accès en ligne:http://is.stuba.sk/zp/portal_zp.pl?podrobnosti=164130
Tags: Ajouter un tag
Pas de tags, Soyez le premier à ajouter un tag!

MARC

LEADER 00000ntm a22000003a 4500
001 stuzp88589
003 SK-STU
005 20230909211029.0
007 ta
008 150427s2015----xo-----f-mn---000-0-slo-d
040 |a STU  |b slo 
041 0 |a slo 
100 1 |a Belica, Andrej  |u 066000  |4 aut  |U MTF Materiálovotechnologická fakulta  |T MTF Ústav aplikovanej informatiky, automatizácie a mechatroniky  |X 88358  |U M6000  |Y 86  |7 88358 
242 0 1 |a Special data transmission techniques in computer networks  |y eng 
245 1 0 |a Špeciálne techniky prenosu dát v počítačových sieťach 
260 |c 2023 
650 4 |a počiatočné poradové číslo  |2 slo 
650 4 |a protokol riadenia prenosu  |2 slo 
650 4 |a internetový protokol  |2 slo 
650 4 |a skrytý kanál  |2 slo 
650 4 |a covert channel  |2 eng 
650 4 |a initial sequence number  |2 eng 
650 4 |a transmission control protocol  |2 eng 
650 4 |a internet protocol  |2 eng 
700 1 |a Halenár, Igor  |u 066000  |k Z1  |4 ths  |U MTF Materiálovotechnologická fakulta  |T MTF Ústav aplikovanej informatiky, automatizácie a mechatroniky  |X 2860  |U M6000  |Y 86  |7 A000002860 
856 4 |u http://is.stuba.sk/zp/portal_zp.pl?podrobnosti=164130 
996 |c M* DP-15088  |l MMSKP  |s P  |a 0  |w stuzp88589_0001